Kafka bên bờ biển

সংরক্ষণ করুন:
গ্রন্থ-পঞ্জীর বিবরন
প্রধান লেখক: Murakami, Haruki
বিন্যাস: গ্রন্থ
ভাষা:Undetermined
প্রকাশিত: Hà Nội Văn học 2007
বিষয়গুলি:
ট্যাগগুলো: ট্যাগ যুক্ত করুন
কোনো ট্যাগ নেই, প্রথমজন হিসাবে ট্যাগ করুন!
Thư viện lưu trữ: Trung tâm Học liệu Trường Đại học Cần Thơ
LEADER 00616nam a2200193Ia 4500
001 CTU_132587
008 210402s9999 xx 000 0 und d
020 |c 85000 
082 |a 895.6 
082 |b M972 
100 |a Murakami, Haruki 
245 0 |a Kafka bên bờ biển 
245 0 |c Haruki Murakami ; Dương Tường (dịch) 
260 |a Hà Nội 
260 |b Văn học 
260 |c 2007 
650 |a Japanese literature,Japanese fiction,Văn học Nhật Bản,Tiểu thuyết Nhật Bản 
904 |i Quang Hiếu 
980 |a Trung tâm Học liệu Trường Đại học Cần Thơ